| 000 | 00558nam a22001817a 4500 | ||
|---|---|---|---|
| 003 | OSt | ||
| 008 | 241129b |||||||| |||| 00| 0 eng d | ||
| 082 |
_a891.431 _bV69K |
||
| 100 | _aVijayvargiya, Dayakrishna. 'Vijaya' | ||
| 245 |
_aKavita Tere Rup Anek / _cby Dayakrishna Vijayvargiya 'Vijaya' |
||
| 260 |
_a.- Kota (Rajasthan) _b: Vijay Prakashan _c, 2018 |
||
| 300 | _a160p. | ||
| 650 | _aLiterature | ||
| 650 | _aLiteratures of other Specific Languages and Language Families | ||
| 650 | _aHindi Literatures | ||
| 650 | _aPoetry | ||
| 942 |
_2ddc _cHB _01 |
||
| 999 |
_c47178 _d47178 |
||